[Event "POL-chT U19 2nd League"]
[Site "Iwonicz"]
[Date "2015.08.01"]
[Round "10.39"]
[White "Burzak, Wojciech"]
[Black "Galuszka, Tomasz"]
[Result "1/2-1/2"]
[WhiteElo "1570"]
[BlackElo "1601"]
[PlyCount "80"]
[EventDate "2015.07.25"]
[EventType "team-swiss"]
[EventRounds "11"]
[EventCountry "POL"]
[SourceTitle "EXT 2019"]
[Source "ChessBase"]
[SourceDate "2018.10.10"]
[SourceVersion "1"]
[SourceVersionDate "2018.10.10"]
[SourceQuality "1"]
[WhiteTeam "Gliwice Carbo U19"]
[BlackTeam "Jastrzebie Zdroj Pionier U19"]
[WhiteTeamCountry "POL"]
[BlackTeamCountry "POL"]

1. e4 c6 2. d4 d5 3. exd5 cxd5 4. Bd3 Nc6 5. c3 Nf6 6. Bf4 Bg4 7. Nf3 e6 8. Qb3 Qc8 9. Nbd2 Bxf3 10. Nxf3 Be7 11. 0-0 0-0 12. Rae1 h6 13. Ne5 Nxe5 14. Bxe5 a6 15. Bxf6 Bxf6 16. f4 b5 17. f5 exf5 18. Bxf5 Qc4 19. Bb1 Qxb3 20. axb3 b4 21. Bf5 Rfd8 22. Ra1 bxc3 23. bxc3 a5 24. Rfd1 Kf8 25. Kf2 Rab8 26. Rxa5 Rxb3 27. Rc5 Be7 28. Rc6 Rd6 29. Rc8+ Rd8 30. Rxd8+ Bxd8 31. Bg4 Rxc3 32. Bf3 Rc2+ 33. Ke3 Rc3+ 34. Kf2 Rc2+ 35. Ke3 Rc3+ 36. Kf2 Rc2+ 37. Ke3 Rc3+ 38. Kf2 Rc2+ 39. Ke3 Rc3+ 40. Kf2 Rc2+ 1/2-1/2

[Event "POL-chT U19 2nd League"]
[Site "Szczyrk"]
[Date "2014.08.02"]
[Round "11.87"]
[White "Klementowski, Dawid"]
[Black "Burzak, Wojciech"]
[Result "1-0"]
[WhiteElo "1659"]
[BlackElo "1401"]
[PlyCount "71"]
[EventDate "2014.07.25"]
[EventType "team-swiss"]
[EventRounds "11"]
[EventCountry "POL"]
[SourceTitle "EXT 2015"]
[Source "ChessBase"]
[SourceDate "2014.11.20"]
[SourceVersion "1"]
[SourceVersionDate "2014.11.20"]
[SourceQuality "1"]
[WhiteTeam "Rybnik MKSz U19 II"]
[BlackTeam "Gliwice Carbo U19"]
[WhiteTeamCountry "POL"]
[BlackTeamCountry "POL"]

1. e4 e5 2. d4 exd4 3. Nf3 Nc6 4. Bc4 Bc5 5. c3 Nf6 6. 0-0 Nxe4 7. cxd4 d5 8. dxc5 dxc4 9. Qe2 Qe7 10. Qxc4 Nxc5 11. b4 Ne6 12. b5 Ncd8 13. Ba3 Qf6 14. Nc3 c6 15. Ne4 Qf4 16. Rad1 c5 17. Bxc5 Bd7 18. Nd6+ Ke7 19. Nxb7+ Ke8 20. Nd6+ Ke7 21. Nf5+ Kf6 22. Qc3+ Kxf5 23. Rd5+ Kg6 24. Ne5+ Kf6 25. Nxd7+ Kg6 26. Qd3+ f5 27. Be3 Qe4 28. Qd1 Nf7 29. Re1 Nf4 30. Bxf4 Qxf4 31. Re6+ Kg5 32. h4+ Qxh4 33. Rxf5+ Kxf5 34. Qd5+ Ne5 35. Qxe5+ Kg4 36. f3# 1-0

[Event "POL-chT U19 2nd League"]
[Site "Borowice"]
[Date "2012.07.25"]
[Round "7"]
[White "Burzak, Wojciech"]
[Black "Kaminski, Piotr1111"]
[Result "1-0"]
[WhiteElo "1376"]
[BlackElo "2164"]
[PlyCount "43"]
[EventDate "2012.07.21"]
[EventType "team-swiss"]
[EventRounds "11"]
[EventCountry "POL"]
[SourceTitle "EXT 2014"]
[Source "ChessBase"]
[SourceDate "2013.11.20"]
[SourceVersion "1"]
[SourceVersionDate "2013.11.20"]
[SourceQuality "1"]
[WhiteTeam "Gliwice Carbo U19"]
[BlackTeam "Gniezno LKS Chrobry U19"]
[WhiteTeamCountry "POL"]
[BlackTeamCountry "POL"]

1. e4 e6 2. d4 d5 3. exd5 exd5 4. Nf3 Bd6 5. c4 c6 6. Nc3 Ne7 7. c5 Bc7 8. Bd3 0-0 9. 0-0 Bf5 10. Be3 Bxd3 11. Qxd3 Nd7 12. Rfe1 f5 13. Bg5 Nf6 14. Re6 Qd7 15. Rae1 Rae8 16. Bxf6 Rxf6 17. Rxf6 gxf6 18. Nh4 f4 19. Qe2 Kh8 20. Qh5 Rf8 21. Rxe7 Qxe7 22. Ng6+ 1-0

[Event "POL-chT U19 2nd League"]
[Site "Borowice"]
[Date "2012.07.24"]
[Round "5"]
[White "Chylewski, Daniel"]
[Black "Burzak, Wojciech"]
[Result "0-1"]
[WhiteElo "1300"]
[BlackElo "1376"]
[PlyCount "88"]
[EventDate "2012.07.21"]
[EventType "team-swiss"]
[EventRounds "11"]
[EventCountry "POL"]
[SourceTitle "EXT 2014"]
[Source "ChessBase"]
[SourceDate "2013.11.20"]
[SourceVersion "1"]
[SourceVersionDate "2013.11.20"]
[SourceQuality "1"]
[WhiteTeam "Szachylice UKS U19"]
[BlackTeam "Gliwice Carbo U19"]
[WhiteTeamCountry "POL"]
[BlackTeamCountry "POL"]

1. d4 d5 2. Nf3 Nc6 3. Bf4 Bg4 4. Nbd2 e6 5. h3 Bf5 6. e3 Bd6 7. g4 Bg6 8. Bxd6 Qxd6 9. Nb3 Nf6 10. Nh4 0-0 11. Qd2 Ne4 12. Qe2 Qe7 13. Nxg6 fxg6 14. 0-0-0 Nxf2 15. Bg2 Nxd1 16. Rxd1 Qh4 17. Qb5 Rab8 18. e4 a6 19. Qc5 Qg3 20. Bh1 Qd6 21. exd5 Qxc5 22. Nxc5 Ne7 23. Nd7 exd5 24. Re1 Rbe8 25. Nxf8 Kxf8 26. Kd2 c6 27. Kc3 Nc8 28. Rxe8+ Kxe8 29. Bf3 g5 30. Kb4 Kd7 31. Kc5 b6+ 32. Kb4 Ne7 33. c4 Kd6 34. b3 dxc4 35. bxc4 h6 36. c5+ Kc7 37. cxb6+ Kxb6 38. a4 a5+ 39. Kc4 Ng6 40. Bg2 Nf4 41. Kc3 Nxg2 42. Kd3 Nf4+ 43. Ke4 Nxh3 44. Kf5 Nf2 0-1